Stacje i przystanki kolejowe w Krakowie - Statystyki

Ogólne statystyki
  • Ten quiz został rozwiązany 494 razy
    432 od ostatniego zresetowania
  • Średni wynik to 12 z 21
Statystyki odpowiedzi
Rodzaj Nazwa % Poprawnych
Stacja Kraków Główny
98%
Stacja Kraków Płaszów
90%
P.o Kraków Bronowice
75%
Stacja Kraków Bieżanów
74%
P.o Kraków Prokocim
71%
P.o Kraków Łagiewniki
66%
Stacja Kraków Łobzów
65%
P.o Kraków Zabłocie
65%
P.o Kraków Podgórze
64%
Stacja Kraków Mydlniki
63%
Stacja Kraków Bonarka
59%
Stacja Kraków Batowice
55%
P.o Kraków Swoszowice
52%
P.o Kraków Złocień
50%
P.o Kraków Sanktuarium
49%
P.o Kraków Bieżanów Drożdżownia
46%
P.o Kraków Mydlniki-Wapiennik
46%
P.o Kraków Sidzina
37%
P.o Kraków Olszanica
36%
P.o Kraków Zakliki
34%
P.o Kraków Młynówka
30%
Nie znaleziono quizów pasujących do podanych kryteriów
Rozkład punktacji
Procent ludzi z każdym wynikiem
Percentyl według liczby udzielonych odpowiedzi
Twoja historia wyników
Nie rozwiązałeś tego quizu od ostatniego zresetowania